| 000 | 01213nam a22002177a 4500 | ||
|---|---|---|---|
| 999 |
_c168613 _d168613 |
||
| 005 | 20191017124544.0 | ||
| 010 | _aB-730559 | ||
| 020 |
_a9789353094058 _c45.00 |
||
| 035 | _aB-730559 | ||
| 037 | _bडी.बी.ए.डी./ उपहार | ||
| 082 | _aक | ||
| 100 | _aयादव, श्रेया | ||
| 245 |
_aजिस रात चाँद गायब हो गया / _cश्रेया यादव ; सुनैना कोएल्हों द्वारा चित्रांकित; पुजा ओमवीर रावत द्वारा हिन्दी अनुवाद |
||
| 260 |
_aनई दिल्ली _bप्रथम बुक्स _c2018 |
||
| 270 |
_a#621, 2nd floor, 5th Main, OMBR Layout, Banaswadi, _bBengaluru _e560043 _k+91 80 42052574, 91 11 41042483 |
||
| 300 |
_a20पृ. _bसचित्र _c21x27 सेमी (अजिल्द) |
||
| 700 |
_928835 _a कोएल्हों, सुनैना |
||
| 700 |
_928836 _aरावत, पुजा ओमवीर |
||
| 942 |
_2ddc _cCH _hक _mयादव |
||